| 000 | 00529nam a22001937a 4500 | ||
|---|---|---|---|
| 005 | 20240606053429.0 | ||
| 008 | 240606b |||||||| |||| 00| 0 eng d | ||
| 020 | _a9789381139868 | ||
| 040 |
_aIN-DiNC _cIN-DiNC |
||
| 041 | _dasm | ||
| 082 |
_a891.4511 _bAJI |
||
| 245 |
_aAjit Barua kabita samagra/ _ced. by Kushal Dutta |
||
| 250 | _a1st ed. | ||
| 260 |
_aGuwahati: _bBhabani books, _c2015. |
||
| 300 | _a584p. | ||
| 650 | _aCollection of Ajit Barua's complete poems | ||
| 700 |
_aDutta, Kushal _eEditor |
||
| 942 |
_2ddc _cBK |
||
| 999 |
_c11843 _d11843 |
||